Administratívna budova - monolitická železobetónová konštrukcia

Saved in:
Bibliographic Details
Main Author: Hercogová, Pavlína (Author)
Other Authors: Borzovič, Viktor (Thesis advisor)
Format: Manuscript Book
Language:Slovak
Published: 2020
Subjects:
Online Access:http://is.stuba.sk/zp/portal_zp.pl?podrobnosti=152473
https://opac.crzp.sk/?fn=detailBiblioForm&sid=F0D9EA643ED4040314EF131BE0B8
Tags: Add Tag
No Tags, Be the first to tag this record!

MARC

LEADER 00000ntm a22000003a 4500
001 stuzp79318
003 SK-STU
005 20230516164128.5
007 ta
008 150427s2015----xo-----f-mn---000-0-slo-d
040 |a STU  |b slo 
041 0 |a slo 
100 1 |a Hercogová, Pavlína  |u 010110  |4 aut  |U SvF Stavebná fakulta  |T SvF Katedra betónových konštrukcií a mostov  |X 63087  |U V110  |Y 11  |7 63087 
242 0 1 |a Office building - cast in-situ reinforced concrete structure  |y eng 
245 1 0 |a Administratívna budova - monolitická železobetónová konštrukcia 
260 |c 2020 
650 4 |a Bezprievlakova  |2 slo 
650 4 |a beton  |2 slo 
650 4 |a seizmicita  |2 slo 
650 4 |a monolithic  |2 eng 
650 4 |a concrete  |2 eng 
650 4 |a seismicity  |2 eng 
700 1 |a Borzovič, Viktor  |u 010110  |k Z1  |4 ths  |U SvF Stavebná fakulta  |T SvF Katedra betónových konštrukcií a mostov  |X 3688  |U V110  |Y 11  |7 A000003688 
856 4 |u http://is.stuba.sk/zp/portal_zp.pl?podrobnosti=152473 
856 4 |u https://opac.crzp.sk/?fn=detailBiblioForm&sid=F0D9EA643ED4040314EF131BE0B8